00579nam a2200157Ia 4500008004100000100001400041245005800055245004400113260001200157260000900169650003400178650002900212856008800241999001900329952007300348160209s9999 xx 000 0 und d aKloos, H. aCurrent topics in children's learning and cognition / cH. Kloos, B.J. Morris, and J.L. Amaral. bIn Tech c2012 xCognitive styles in Children. xLearning, Psychology of. uhttp://www.intechopen.com/books/current-topics-in-children-s-learning-and-cognition c290492d290492 001040aCLbCLd2016-02-09l0r2016-02-09 00:00:00w2016-02-09yCBE